000 00654cam a22002051 4500
001 2172214
003 GBCCL
005 20251202140051.0
008 731207s1967 ilu 000 0 eng
040 _aDLC
_cDLC
_dDLC
082 0 0 _a225.520837
_bBIB
245 1 4 _aThe living New Testament;
_bparaphrased.
260 _aWheaton, Ill.,
_bTyndale House
_c[1967]
300 _a650 p.
_c21 cm.
500 _a"The basic translation was done by Kenneth N. Taylor."--Jacket.
630 0 0 _aBible.
_pNew Testament
_xParaphrases, English.
_912212
700 1 _aTaylor, Kenneth Nathaniel.
_9368
906 _a7
_bcbc
_corignew
_du
_eocip
_f19
_gy-gencatlg
942 _2ddc
_cREF
999 _c6813
_d6813